Gaming Quiz

Random Gaming or DC Comics Quiz

Batman: Arkham City Characters Quiz Stats

 Plays Quiz Updated Dec 1, 2014

Challenge
Share
Tweet
Score 0/28 Timer 03:00
5 Plays Today
Character % Correct
Batman
99.2%
Joker
98.5%
Catwoman
94.5%
Two-Face
93.2%
Penguin
91.7%
Harley Quinn
91.3%
The Riddler
89.9%
Bane
87.1%
Poison Ivy
86.8%
Mr. Freeze
85.5%
Robin
75.7%
Mad Hatter
75.5%
Commissioner Gordon
74.2%
Killer Croc
73.6%
Character % Correct
Ras al Ghul
67.4%
Deadshot
63.1%
Talia al Ghul
62.2%
Hugo Strange
62.1%
Black Mask
61.3%
Solomon Grundy
59.9%
Clayface
59.5%
Victor Zsasz
45.1%
Calendar Man
40.2%
Hush
37.7%
Vicki Vale
36.7%
Azrael
34.8%
Mayor Sharp
30.5%
Jack Ryder
25.7%

You're not logged in!

Compare scores with friends on all Sporcle quizzes.
OR
Log In

You Might Also Like...

Show Comments

Extras

Top Quizzes Today


Score Distribution

Your Account Isn't Verified!

In order to create a playlist on Sporcle, you need to verify the email address you used during registration. Go to your Sporcle Settings to finish the process.

Report this User

Report this user for behavior that violates our Community Guidelines.

Details: